Transmitting Jewish traditions: orality, textuality, and cultural diffusion
| Contributors: | ; |
|---|---|
| Format: | Print Book |
| Language: | English |
| Subito Delivery Service: | Order now. |
| Check availability: | HBZ Gateway |
| WorldCat: | WorldCat |
| Interlibrary Loan: | Interlibrary Loan for the Fachinformationsdienste (Specialized Information Services in Germany) |
| Published: |
New Haven [u.a.]
Yale University Press
2000
|
| In: | Year: 2000 |
| Reviews: | Transmitting Jewish Traditions: Orality, Textuality, and Cultural Diffusion (review) (2004) (Stern, David H., 1935 -)
|
| Series/Journal: | Studies in Jewish culture and society
|
| Standardized Subjects / Keyword chains: | B
Judaism
/ Text history
/ Tradition
|
| Further subjects: | B
Collection of essays
B Jewish learning and scholarship History B Transmission of texts History B Tradition (Judaism) History B Tradition Judaism History |
MARC
| LEADER | 00000cam a2200000 c 4500 | ||
|---|---|---|---|
| 001 | 312244665 | ||
| 003 | DE-627 | ||
| 005 | 20251222215201.0 | ||
| 007 | tu | ||
| 008 | 000411s2000 xxu||||| 00| ||eng c | ||
| 010 | |a 00023049 | ||
| 020 | |a 0300081987 |c (alk. paper) |9 0-300-08198-7 | ||
| 035 | |a (DE-627)312244665 | ||
| 035 | |a (DE-576)087484447 | ||
| 035 | |a (DE-599)GBV312244665 | ||
| 035 | |a (OCoLC)237404353 | ||
| 035 | |a (OCoLC)43487265 | ||
| 040 | |a DE-627 |b ger |c DE-627 |e rakwb | ||
| 041 | |a eng | ||
| 044 | |c XD-US |c XA-GB | ||
| 050 | 0 | |a BM529 | |
| 050 | 0 | |a BM529.T73 2000 | |
| 082 | 0 | |a 306/.089/924 | |
| 082 | 0 | |a 306.089924 | |
| 084 | |a 1 |2 ssgn | ||
| 084 | |a BD 1240 |q BVB |2 rvk |0 (DE-625)rvk/9823: | ||
| 084 | |a 11.20 |2 bkl | ||
| 084 | |a 18.75 |2 bkl | ||
| 191 | |a 1 | ||
| 245 | 0 | 0 | |a Transmitting Jewish traditions |b orality, textuality, and cultural diffusion |c ed. by Yaakov Elman ... [Contributors: Israel Bartal ...] |
| 264 | 1 | |a New Haven [u.a.] |b Yale University Press |c 2000 | |
| 300 | |a XI, 353 S |c 22 cm | ||
| 336 | |a Text |b txt |2 rdacontent | ||
| 337 | |a ohne Hilfsmittel zu benutzen |b n |2 rdamedia | ||
| 338 | |a Band |b nc |2 rdacarrier | ||
| 490 | 0 | |a Studies in Jewish culture and society | |
| 500 | |a Includes bibliographical references and index | ||
| 583 | 1 | |a Archivierung prüfen |c 20200919 |f DE-640 |z 2 |2 pdager | |
| 650 | 0 | |a Transmission of texts |x History | |
| 650 | 0 | |a Jewish learning and scholarship |x History | |
| 650 | 0 | |a Tradition Judaism |x History | |
| 653 | 0 | |a Tradition (Judaism) |a History | |
| 655 | 7 | |a Aufsatzsammlung |0 (DE-588)4143413-4 |0 (DE-627)105605727 |0 (DE-576)209726091 |2 gnd-content | |
| 689 | 0 | 0 | |d s |0 (DE-588)4114087-4 |0 (DE-627)104603151 |0 (DE-576)20948182X |2 gnd |a Judentum |
| 689 | 0 | 1 | |d s |0 (DE-588)4117192-5 |0 (DE-627)104297603 |0 (DE-576)209507861 |2 gnd |a Textgeschichte |
| 689 | 0 | 2 | |d s |0 (DE-588)4060560-7 |0 (DE-627)106139118 |0 (DE-576)209135743 |2 gnd |a Tradition |
| 689 | 0 | |5 (DE-627) | |
| 700 | 1 | |e Hrsg. |0 (DE-588)123030587 |0 (DE-627)70613396X |0 (DE-576)293527164 |4 edt |a Elman, Yaakov |d 1943-2018 | |
| 700 | 1 | |0 (DE-588)124043011 |0 (DE-627)085600156 |0 (DE-576)170814165 |4 oth |a Barṭal, Yiśraʾel |d 1946- | |
| 787 | 0 | 8 | |i Rezensiert in |a Stern, David H., 1935 - |t Transmitting Jewish Traditions: Orality, Textuality, and Cultural Diffusion (review) |d 2004 |w (DE-627)1802092609 |
| 935 | |a mteo | ||
| 935 | |i Blocktest | ||
| 936 | r | v | |a BD 1240 |b Jüdische Literaturgeschichte |k Theologie und Religionswissenschaften |k Judaistik |k Allgemeines |k Gesamtdarstellungen |k Jüdische Literaturgeschichte |0 (DE-627)1270714252 |0 (DE-625)rvk/9823: |0 (DE-576)200714252 |
| 936 | b | k | |a 11.20 |j Judentum: Allgemeines |x Religionswissenschaft |0 (DE-627)106419838 |
| 936 | b | k | |a 18.75 |j Hebräische Sprache und Literatur |0 (DE-627)106417886 |
| 951 | |a BO | ||
| ACO | |a 1 | ||
| ELC | |b 1 | ||
| ITA | |a 1 | ||
| LOK | |0 000 xxxxxcx a22 zn 4500 | ||
| LOK | |0 001 3174564026 | ||
| LOK | |0 003 DE-627 | ||
| LOK | |0 004 312244665 | ||
| LOK | |0 005 20100408102307 | ||
| LOK | |0 008 001117||||||||||||||||ger||||||| | ||
| LOK | |0 040 |a DE-21-31 |c DE-627 |d DE-21-31 | ||
| LOK | |0 541 |e 00/2166 | ||
| LOK | |0 852 |a DE-21-31 | ||
| LOK | |0 852 1 |c Rc VII 8 |m p |9 00 | ||
| LOK | |0 938 |k p | ||
| LOK | |0 938 |l E15 |8 0 | ||
| LOK | |0 939 |a 17-11-00 |b l01 | ||
| ORI | |a SA-MARC-ixtheoa001.raw | ||
| REL | |a 1 | ||
| STA | 0 | 0 | |a Judaism,Judaism,Judaism in literature,Text history,Text tradition,Tradition,Textual tradition,Tradition,Reminiscence,Rites and ceremonies,Manners and customs |
| STB | 0 | 0 | |a Histoire du texte,Judaïsme,Judaïsme,Tradition,Rites et cérémonies,Moeurs et coutumes |
| STC | 0 | 0 | |a Historia textual,Judaísmo,Judaísmo,Tradición |
| STD | 0 | 0 | |a Ebraismo,Ebraismo,Storia del testo,Tradizione |
| STE | 0 | 0 | |a 传统,文本历史,犹太教,犹太教 |
| STF | 0 | 0 | |a 傳統,文本歷史,猶太教,猶太教 |
| STG | 0 | 0 | |a História textual,Judaísmo,Judaísmo,Tradição |
| STH | 0 | 0 | |a История текста,Иудаизм (мотив),Иудаизм,Традиция |
| STI | 0 | 0 | |a Ιουδαϊσμός (μοτίβο),Ιουδαϊσμός,Ιστορία κειμένου,Παράδοση |
| SUB | |a REL | ||
| SYG | 0 | 0 | |a Judaism,Judaismus,Jüdische Religion,Zionism,Zionismus,Jüdische Religion,Judaismus,Jüdische Religion,Judaismus , Textüberlieferung,Überlieferung,Überlieferungsgeschichte,Text , Überlieferung,Rückerinnerung |



